Le Valais : culture générale - Statistiques

Statistiques générales
  • Ce quiz a été pris 468 fois
    438 depuis la dernière actualisation
  • Le résultat moyen est 17 sur 22
Statistiques - réponses
Questions Réponses % Correct
Cantons limitrophes du Valais. Le Vaud
98%
Pays limitrophes du Valais. L'Italie
98%
Pays limitrophes du Valais. La France
97%
Le Valais contribue pour un tiers de la production nationale de ce breuvage. Le vin
95%
Chef-lieu du Valais. Sion
95%
Cantons limitrophes du Valais. Le Tessin
94%
Cantons limitrophes du Valais. Berne
93%
Cinquième plus haut sommet de Suisse dont la forme triangulaire qui apparait sur des tablettes de chocolat bien connues, constitue une attraction touristique majeure. Le Cervin
92%
Fleuve qui traverse le Valais. Le Rhône
92%
Plat originaire du Valais, typique de la cuisine suisse, obtenu en raclant du fromage fondu en surface par la proximité d'une source de chaleur qui peut être un four spécifique, des braises ou simplement le feu de bois. La raclette
90%
Station de sports d'hiver située au pied du précédent. Zermatt
88%
Cantons limitrophes du Valais. Uri
84%
Cols routiers qui relient le Valais au pays qui se trouve au sud de la Suisse. Le Col du Simplon
80%
Commune où le précédent décéda en 1991. Deuxième ville du canton située à l'endroit où le grand fleuve dessine un coude. Martigny
80%
Cols routiers qui relient le Valais au pays qui se trouve au sud de la Suisse. Le Col du Grand Saint-Bernard
78%
Station de sports d'hiver huppée où vivait l'acteur britannique Sir Roger Moore jusqu'à son décès en 2017. Crans-Montana
71%
Toit de la Suisse, qui se trouve en Valais. Le Mont Rose (Pointe Dufour)
65%
Établissement bâti au sommet du plus haut de ces deux cols (à 2473 m d'altitude) à l'initiative de l'archidiacre canonisé qui a donné son nom au col, établissement destiné à accueillir des pèlerins et qui a également servi de noviciat. L'Hospice du Grand Saint-Bernard
58%
Fête chrétienne et dogme marial célébré le 8 décembre qui est jour férié dans les cantons suisses de tradition catholique dont le Valais (et non en France ou en Belgique). L'Immaculée Conception
47%
Le chef-lieu du Valais fut à plusieurs reprises candidat malheureux pour l'organisation de cet événement, notamment pour 2002 lorsqu'il fut victime de la corruption du milieu et pour 2006. Les Jeux olympiques d'hiver
44%
Ligue sécessionniste catholique qui menaçait l'intégrité territoriale de la Suisse entre 1845 et 1847, ligue dont fit partie le Valais (nom français ou allemand accepté). Le Sondrebond ou Sonderbund
26%
Homme d'Église français qui en opposition au Concile Vatican II fonda dans le petit bourg valaisan d'Écône, la "Fraternité sacerdotale Saint Pie X". Mgr Marcel Lefebvre
15%
Aucun quiz correspondant
Distribution des résultats
% des personnes avec chaque résultat
Percentile par nombre de réponses
Votre historique - résultats
Vous n’avez pas pris ce quiz depuis la dernière actualisation